| 000 | 00552nam a22001817a 4500 | ||
|---|---|---|---|
| 005 | 20251108165331.0 | ||
| 008 | 250721s1984 xx 000 0 ara d | ||
| 082 | 1 | 4 | _a956.67/محم |
| 100 | 1 | _aالرميحي، محمد | |
| 245 | 1 | 0 |
_aالبحرين : _bمشكلات التغيير السياسي و الإجتماعي / |
| 250 | _aط2 | ||
| 264 | 1 |
_aالكويت : _bشركة كاظمه للنشر و التوزيع، _c1984. |
|
| 300 | _a262ص | ||
| 650 | 1 | 7 | _aالبحرين |
| 650 | 1 | 7 | _aالتاريخ |
| 942 |
_2ddc _cBK |
||
| 999 |
_c25358 _d25358 |
||